[Event "M17"]
[Site "Vinkovci"]
[Date "2017.07.30"]
[Round "9.9"]
[White "Jurakic, Lukas"]
[Black "Petrovic, David"]
[Result "1-0"]
[WhiteElo "1731"]
[BlackElo "1614"]
[PlyCount "73"]
[EventDate "2017.07.24"]

1. e4 e5 2. Nf3 Nc6 3. Bb5 a6 4. Ba4 Nf6 5. O-O Be7 6. Re1 d6 7. h3 b5 8. Bb3
Bb7 9. c3 O-O 10. d3 h6 11. Nbd2 Re8 12. Nf1 Bf8 13. Ng3 Ne7 14. Nh4 d5 15. Qf3
c5 16. Bc2 Ng6 17. Nhf5 d4 18. h4 Rc8 19. h5 Nh8 20. a4 c4 21. axb5 axb5 22.
cxd4 exd4 23. Bf4 c3 24. b3 b4 25. Ne2 g6 26. hxg6 Nxg6 27. Nxh6+ Bxh6 28. Bxh6
Kh7 29. Bg5 Kg7 30. Nf4 Nxf4 31. Qxf4 Rh8 32. e5 Nd5 33. Qg4 Rh1+ 34. Kxh1 Qh8+
35. Kg1 Kf8 36. Ra7 Ba8 37. Rxa8 1-0

[Event "M17"]
[Site "Vinkovci"]
[Date "2017.07.30"]
[Round "9.10"]
[White "Zivkovic, Zvonimir"]
[Black "Ristanic, Petar"]
[Result "1-0"]
[WhiteElo "1683"]
[BlackElo "1716"]
[PlyCount "65"]
[EventDate "2017.07.24"]

1. d4 d5 2. c4 c6 3. Nf3 Nf6 4. Nc3 e6 5. Bg5 Be7 6. e3 O-O 7. c5 h6 8. Bf4
Nbd7 9. Bd3 b6 10. b4 Nh5 11. Bg3 Nxg3 12. hxg3 bxc5 13. bxc5 Qa5 14. Qc2 e5
15. Nd2 e4 16. Be2 Rb8 17. O-O f5 18. Rab1 Qc7 19. Rb3 Rxb3 20. axb3 Nf6 21.
Ra1 Be6 22. b4 Ng4 23. b5 Bd7 24. Qa4 Ra8 25. bxc6 Bxc6 26. Bb5 Bxb5 27. Qxb5
Nf6 28. Qa6 h5 29. Qe6+ Kh7 30. Qxf5+ g6 31. Qe6 Rd8 32. Nb5 Qb8 33. Qxe7+ 1-0

[Event "M19"]
[Site "Vinkovci"]
[Date "2017.07.24"]
[Round "1.1"]
[White "Paradzik, Berislav"]
[Black "Plenca, Jadranko"]
[Result "0-1"]
[WhiteElo "2066"]
[BlackElo "2446"]
[PlyCount "104"]
[EventDate "2017.07.24"]

1. c4 e6 2. Nf3 Nf6 3. e3 d5 4. b3 c5 5. Bb2 Nc6 6. cxd5 exd5 7. Bb5 a6 8.
Bxc6+ bxc6 9. d3 Bd6 10. Qc2 O-O 11. O-O Bf5 12. Nbd2 Re8 13. Rfe1 Nd7 14. Qc3
Bf8 15. e4 Bg6 16. Re2 Rb8 17. Rae1 h6 18. Nf1 a5 19. Ng3 a4 20. Nd2 Qb6 21.
Kh1 axb3 22. axb3 Qb4 23. f4 Qxc3 24. Bxc3 f6 25. Ra1 Ra8 26. Ree1 Bd6 27. f5
Bf7 28. Ne2 Ne5 29. Nc1 Bc7 30. d4 Rxa1 31. Bxa1 Nd7 32. Nd3 dxe4 33. Rxe4 Rxe4
34. Nxe4 cxd4 35. Bxd4 Bxb3 36. Nb4 Kf7 37. Nc5 Bd6 38. Nbd3 Nxc5 39. Nxc5 Bc2
40. g4 h5 41. h3 hxg4 42. hxg4 Bd1 43. g5 Bxc5 44. Bxc5 fxg5 45. Kg2 Bc2 46.
Be3 g4 47. Kg3 Bxf5 48. Kf4 Ke6 49. Bb6 g6 50. Ke3 Kd5 51. Bd4 c5 52. Bf6 Be4
0-1

[Event "M19"]
[Site "Vinkovci"]
[Date "2017.07.24"]
[Round "1.2"]
[White "Vojak, Daniel"]
[Black "Pavcevic, Bruno"]
[Result "1-0"]
[WhiteElo "2197"]
[BlackElo "2050"]
[PlyCount "61"]
[EventDate "2017.07.24"]

1. e4 c5 2. Nf3 e6 3. c3 Nf6 4. e5 Nd5 5. d4 cxd4 6. cxd4 d6 7. Be2 Be7 8. O-O
O-O 9. Bd2 a6 10. Nc3 Nd7 11. Nxd5 exd5 12. Bd3 dxe5 13. dxe5 Nc5 14. Bc2 Bg4
15. Be3 Ne4 16. Bb3 d4 17. Qxd4 Bxf3 18. Qxd8 Raxd8 19. gxf3 Nd2 20. Bxd2 Rxd2
21. Rac1 b6 22. Rc7 Bc5 23. f4 g6 24. Kg2 Rxb2 25. Rd1 Rxf2+ 26. Kg3 Re2 27.
Rdd7 g5 28. Bxf7+ Kh8 29. Bc4 gxf4+ 30. Kh3 Re3+ 31. Kh4 1-0

[Event "M19"]
[Site "Vinkovci"]
[Date "2017.07.24"]
[Round "1.3"]
[White "Spiranec, Noemi"]
[Black "Makovec, Bruno"]
[Result "0-1"]
[WhiteElo "2040"]
[BlackElo "2193"]
[PlyCount "66"]
[EventDate "2017.07.24"]

1. e4 c5 2. Nf3 d6 3. Bb5+ Nd7 4. d4 cxd4 5. Qxd4 a6 6. Be2 Ngf6 7. Nc3 g6 8.
O-O Bg7 9. Be3 O-O 10. Qd2 b5 11. a4 b4 12. Nd5 a5 13. Nxf6+ Nxf6 14. Rad1 Qc7
15. Bd3 Bb7 16. Bd4 e5 17. Be3 d5 18. Ne1 d4 19. Bh6 Nxe4 20. Qc1 Nc5 21. Bxg7
Kxg7 22. Bb5 Rac8 23. f4 e4 24. f5 f6 25. Qd2 Rcd8 26. Qf2 Qe5 27. g3 g5 28.
Ng2 e3 29. Qe2 Qe4 30. Bd3 Nxd3 31. cxd3 Qxg2+ 32. Qxg2 Bxg2 33. Kxg2 e2 0-1

[Event "M19"]
[Site "Vinkovci"]
[Date "2017.07.24"]
[Round "1.4"]
[White "Safar, Sandro"]
[Black "Toplak, Juraj"]
[Result "1-0"]
[WhiteElo "2185"]
[BlackElo "2032"]
[PlyCount "59"]
[EventDate "2017.07.24"]

1. e4 e6 2. d4 d5 3. Nd2 Nf6 4. e5 Nfd7 5. Bd3 c5 6. c3 Nc6 7. Ne2 Qb6 8. Nf3
cxd4 9. cxd4 f6 10. exf6 Nxf6 11. O-O Bd6 12. a3 O-O 13. b4 e5 14. dxe5 Nxe5
15. Ned4 Nfg4 16. h3 Nxf3+ 17. Nxf3 Bh2+ 18. Kh1 Nxf2+ 19. Rxf2 Qxf2 20. Kxh2
Bf5 21. Bxf5 Rxf5 22. Qd3 Raf8 23. Be3 Qb2 24. Bd4 Rxf3 25. Qd1 Qb3 26. gxf3
Qc4 27. Rc1 Qa2+ 28. Qc2 Qxa3 29. Qc7 Qa2+ 30. Rc2 1-0

[Event "M19"]
[Site "Vinkovci"]
[Date "2017.07.24"]
[Round "1.6"]
[White "Saric, Luka"]
[Black "Markovic, Franjo-Josip"]
[Result "1-0"]
[WhiteElo "2110"]
[BlackElo "1986"]
[PlyCount "109"]
[EventDate "2017.07.24"]

1. Nf3 Nf6 2. e3 d5 3. d4 Bg4 4. c4 Bxf3 5. Qxf3 e6 6. Nc3 c6 7. Bd3 Nbd7 8.
O-O Be7 9. Qd1 O-O 10. b3 Qa5 11. Bd2 dxc4 12. bxc4 Qh5 13. Qxh5 Nxh5 14. Rfb1
b6 15. a4 a5 16. d5 cxd5 17. cxd5 exd5 18. Nxd5 Bc5 19. Bc3 Rfd8 20. Bf5 Rab8
21. Nc7 Bd6 22. Nb5 Bc5 23. Nc7 Bd6 24. Nb5 Be5 25. Nd4 Nhf6 26. f4 Nd5 27. Bb2
Bxd4 28. Bxd4 g6 29. Bxd7 Rxd7 30. g3 f5 31. Rb5 Kf7 32. Rab1 Ke6 33. Rxa5 bxa5
34. Rxb8 Nb4 35. Ra8 Nc2 36. Ra6+ Kd5 37. Rxa5+ Ke4 38. Kf2 Nxd4 39. exd4 Kxd4
40. Ra8 Kc5 41. Kg2 Kb6 42. Kh3 Kb7 43. Rg8 Kb6 44. Kh4 Ka5 45. Rh8 Kxa4 46.
Kg5 Kb4 47. Kh6 Rd2 48. Rxh7 Rxh2+ 49. Kg7 Rg2 50. Rh3 Kc5 51. Kxg6 Kd4 52.
Kxf5 Ra2 53. Rh8 Ra5+ 54. Kg4 Ke4 55. Re8+ 1-0

[Event "M19"]
[Site "Vinkovci"]
[Date "2017.07.24"]
[Round "1.7"]
[White "Udovicic, Dominik"]
[Black "Starcevic, Ante Leon"]
[Result "0-1"]
[WhiteElo "1823"]
[BlackElo "2102"]
[PlyCount "132"]
[EventDate "2017.07.24"]

1. e4 c5 2. f4 Nc6 3. Nf3 g6 4. g3 Bg7 5. c3 Nf6 6. Qc2 O-O 7. Bg2 Rb8 8. a4 a6
9. O-O b5 10. axb5 axb5 11. d4 cxd4 12. cxd4 Qb6 13. Be3 Ng4 14. Qd2 Nxe3 15.
Qxe3 Nxd4 16. e5 Nc2 17. Qxb6 Rxb6 18. Ra5 Ne3 19. Rc1 Bb7 20. Rc5 Bc6 21. Na3
d6 22. Rc1 Nxg2 23. Kxg2 dxe5 24. fxe5 Bxf3+ 25. Kxf3 Bxe5 26. Nxb5 Bxb2 27.
Rc5 Bf6 28. Na3 Rb2 29. Rc2 Rfb8 30. Rxb2 Rxb2 31. h3 Ra2 32. Nc4 Rxa5 33. Nxa5
Be5 34. Nc4 Bd6 35. g4 Kg7 36. Ke4 Kf6 37. Nd2 h6 38. Nf3 Bc7 39. Kd5 Bf4 40.
Ke4 Bg3 41. Nd4 e6 42. Ne2 Bh2 43. Nd4 Kg7 44. Kf3 Bc7 45. Ke4 Bb6 46. Nc6 Bg1
47. Ne5 f5+ 48. Kf3 Bd4 49. Nc6 Bc3 50. Nb8 e5 51. Nd7 Kf7 52. Ke3 Ke7 53. Nb8
Kd6 54. Na6 Ba5 55. Nb8 Bb6+ 56. Ke2 e4 57. Na6 f4 58. Nb4 f3+ 59. Kf1 e3 60.
Nd3 e2+ 61. Ke1 Ba5+ 62. Kf2 e1=Q+ 63. Nxe1 Bxe1+ 64. Kxe1 Ke5 65. h4 Kf4 66.
h5 g5 0-1

[Event "M19"]
[Site "Vinkovci"]
[Date "2017.07.25"]
[Round "2.1"]
[White "Plenca, Jadranko"]
[Black "Saric, Luka"]
[Result "1-0"]
[WhiteElo "2446"]
[BlackElo "2110"]
[PlyCount "61"]
[EventDate "2017.07.24"]

1. e4 c5 2. Nf3 e6 3. b3 Nc6 4. Bb2 Nf6 5. e5 Nd5 6. g3 Be7 7. Bg2 O-O 8. O-O
d6 9. exd6 Qxd6 10. Na3 Bf6 11. Nc4 Qc7 12. d4 Rd8 13. c3 b6 14. Rc1 Bb7 15.
Qe2 cxd4 16. cxd4 Rac8 17. Rfd1 Qb8 18. h4 Rd7 19. Nfe5 Nxe5 20. dxe5 Be7 21.
Qg4 Rdc7 22. h5 b5 23. Nd6 Rxc1 24. Bxc1 Bxd6 25. exd6 Qxd6 26. Bb2 g6 27. hxg6
hxg6 28. Qh3 Kf8 29. Bxd5 exd5 30. Re1 f6 31. Re6 1-0

[Event "M19"]
[Site "Vinkovci"]
[Date "2017.07.25"]
[Round "2.2"]
[White "Starcevic, Ante Leon"]
[Black "Vojak, Daniel"]
[Result "1/2-1/2"]
[WhiteElo "2102"]
[BlackElo "2197"]
[PlyCount "35"]
[EventDate "2017.07.24"]

1. c4 Nf6 2. Nc3 e5 3. Nf3 Nc6 4. d4 exd4 5. Nxd4 Bc5 6. Nxc6 bxc6 7. g3 O-O 8.
Bg2 Ba6 9. Qa4 Qc8 10. O-O Rb8 11. Qc2 Re8 12. Na4 Bf8 13. Be3 d5 14. Bxa7 Rb4
15. b3 Bxc4 16. Rfe1 Qa6 17. Bc5 Bxc5 18. Nxc5 1/2-1/2

[Event "M19"]
[Site "Vinkovci"]
[Date "2017.07.25"]
[Round "2.3"]
[White "Makovec, Bruno"]
[Black "Erenda, Bruno"]
[Result "1/2-1/2"]
[WhiteElo "2193"]
[BlackElo "1997"]
[PlyCount "110"]
[EventDate "2017.07.24"]

1. Nf3 d5 2. c4 c6 3. e3 Nf6 4. Nc3 e6 5. d4 Bd6 6. Bd3 Nbd7 7. O-O O-O 8. b3
Re8 9. Bb2 Qe7 10. Re1 Ba3 11. Qc1 Bxb2 12. Qxb2 Qb4 13. a3 Qb6 14. e4 dxc4 15.
Bxc4 e5 16. d5 Nc5 17. dxc6 bxc6 18. b4 Ba6 19. Bxa6 Nxa6 20. Qc2 Rac8 21. Rac1
Nh5 22. g3 Nf6 23. Kg2 Qb7 24. Na4 Qb5 25. Nc5 Nxc5 26. Qxc5 Qxc5 27. Rxc5 Nd7
28. Rc3 f6 29. Rec1 Re6 30. Nd2 Kf7 31. Nc4 Ke7 32. Na5 Nb8 33. Kf3 Kd7 34. Ke3
Rc7 35. Rd1+ Rd6 36. Rdc1 Re6 37. Nc4 Na6 38. Rd1+ Ke7 39. Rcd3 c5 40. b5 Nb8
41. f4 exf4+ 42. gxf4 g6 43. Kf3 Nd7 44. Ne3 Rb7 45. Nd5+ Kf7 46. Nc3 Nb6 47.
a4 Nc4 48. Rd5 Rc7 49. Rc1 Na5 50. Na2 Nb7 51. e5 Rce7 52. Nc3 fxe5 53. Ne4 Kg7
54. Nxc5 Nxc5 55. Rcxc5 exf4 1/2-1/2

[Event "M19"]
[Site "Vinkovci"]
[Date "2017.07.25"]
[Round "2.5"]
[White "Zadravec, Matija"]
[Black "Spiranec, Noemi"]
[Result "1/2-1/2"]
[WhiteElo "2150"]
[BlackElo "2040"]
[PlyCount "142"]
[EventDate "2017.07.24"]

1. e4 c5 2. c3 Nf6 3. Qc2 Nc6 4. Nf3 e5 5. Bc4 Qe7 6. O-O g6 7. Ng5 Nd8 8. Re1
h6 9. Nf3 Bg7 10. d4 d6 11. Nbd2 O-O 12. b4 cxd4 13. cxd4 Nc6 14. dxe5 dxe5 15.
b5 Na5 16. Bf1 Bg4 17. Qc3 Qd8 18. Ba3 Re8 19. Rad1 Nd7 20. h3 Be6 21. Bd6 Rc8
22. Qb2 b6 23. Nb1 Nb7 24. Nc3 Nxd6 25. Rxd6 Qc7 26. Rd3 f5 27. Rde3 fxe4 28.
Nxe4 Qc2 29. R3e2 Qxb2 30. Rxb2 Rf8 31. Bd3 g5 32. Rd2 Nc5 33. Bb1 Nxe4 34.
Bxe4 Rc5 35. Bc6 a6 36. Rd6 Bxa2 37. bxa6 Ra5 38. Bb7 Bc4 39. Rxb6 Rf6 40. Reb1
Bxa6 41. Bxa6 Rxa6 42. Rb8+ Rf8 43. R8b7 Rf7 44. R7b5 Ra2 45. Re1 Kh7 46. Rb4
Rc2 47. Rbe4 Kg6 48. Rxe5 Rxf3 49. gxf3 Bxe5 50. Rxe5 Kf6 51. Ra5 Rc1+ 52. Kg2
Kg6 53. Ra6+ Kh5 54. Rf6 Rc4 55. Kg3 Rc3 56. Re6 Ra3 57. Re8 Ra4 58. Re4 Ra3
59. Kg2 Kg6 60. Rd4 h5 61. Rd6+ Kf5 62. Rh6 h4 63. Rh8 Rb3 64. Rf8+ Ke5 65.
Re8+ Kf4 66. Re4+ Kf5 67. Re3 Rb4 68. Ra3 Rc4 69. Ra5+ Kf4 70. Ra8 Kf5 71. Rf8+
Ke5 1/2-1/2

[Event "M19"]
[Site "Vinkovci"]
[Date "2017.07.25"]
[Round "2.6"]
[White "Toplak, Juraj"]
[Black "Paradzik, Berislav"]
[Result "1-0"]
[WhiteElo "2032"]
[BlackElo "2066"]
[PlyCount "67"]
[EventDate "2017.07.24"]

1. e4 c5 2. c3 d5 3. exd5 Qxd5 4. d4 Nc6 5. dxc5 Qxd1+ 6. Kxd1 Nf6 7. Nf3 e5 8.
b4 Bg4 9. Kc2 Nd7 10. Nbd2 a5 11. Bb5 axb4 12. Bxc6 b3+ 13. Nxb3 bxc6 14. Nxe5
Nxe5 15. Re1 f6 16. f4 Kf7 17. fxe5 Re8 18. Bf4 g5 19. Bg3 f5 20. h3 Bh5 21.
Bf2 Bg7 22. Bd4 Re6 23. Na5 Rb8 24. Nc4 Bg6 25. Kd2 f4 26. a4 Bf5 27. a5 Re7
28. a6 Be6 29. Nd6+ Kg6 30. Reb1 Rxb1 31. Rxb1 Ra7 32. Rb6 Bd5 33. Nc8 Rc7 34.
a7 1-0

[Event "M19"]
[Site "Vinkovci"]
[Date "2017.07.25"]
[Round "2.7"]
[White "Pavcevic, Bruno"]
[Black "Udovicic, Dominik"]
[Result "1-0"]
[WhiteElo "2050"]
[BlackElo "1823"]
[PlyCount "49"]
[EventDate "2017.07.24"]

1. e4 c5 2. Nf3 d6 3. d4 cxd4 4. Nxd4 Nf6 5. Nc3 g6 6. g3 Bg7 7. Bg2 Nc6 8.
Nxc6 bxc6 9. e5 dxe5 10. Qxd8+ Kxd8 11. Bxc6 Rb8 12. Be3 Kc7 13. Ba4 a6 14. Bc5
Bb7 15. O-O e6 16. Rad1 Rbd8 17. Bb4 Kb6 18. Bb3 Nd5 19. Na4+ Kc6 20. Ba5 Nc7
21. Nb6 Bc8 22. Rxd8 Rxd8 23. Na8 Rd7 24. Nxc7 Rxc7 25. Ba4+ 1-0

[Event "M19"]
[Site "Vinkovci"]
[Date "2017.07.25"]
[Round "3.1"]
[White "Plenca, Jadranko"]
[Black "Safar, Sandro"]
[Result "1/2-1/2"]
[WhiteElo "2446"]
[BlackElo "2185"]
[PlyCount "63"]
[EventDate "2017.07.24"]

1. e4 c5 2. Nf3 Nc6 3. Bb5 g6 4. Bxc6 dxc6 5. d3 Bg7 6. h3 e5 7. O-O Ne7 8. a3
a5 9. Be3 b6 10. Nbd2 Ba6 11. Qb1 f5 12. Bg5 h6 13. Bxe7 Qxe7 14. b4 axb4 15.
axb4 O-O 16. bxc5 Qxc5 17. Qb3+ Kh7 18. Rfb1 b5 19. Ra2 Qd6 20. Rba1 c5 21. Ra5
Qc6 22. h4 c4 23. dxc4 bxc4 24. Qc3 fxe4 25. Nxe5 Qb6 26. Qe3 Qxe3 27. fxe3 c3
28. Nxe4 Bb7 29. Nd6 Bxe5 30. Nxb7 Rxa5 31. Nxa5 Bg3 32. Nc4 1/2-1/2

[Event "M19"]
[Site "Vinkovci"]
[Date "2017.07.25"]
[Round "3.2"]
[White "Vojak, Daniel"]
[Black "Makovec, Bruno"]
[Result "0-1"]
[WhiteElo "2197"]
[BlackElo "2193"]
[PlyCount "134"]
[EventDate "2017.07.24"]

1. e4 e5 2. Nf3 Nc6 3. Bb5 a6 4. Bxc6 dxc6 5. d4 exd4 6. Qxd4 Qxd4 7. Nxd4 Bd7
8. O-O O-O-O 9. Be3 Bd6 10. Nd2 Re8 11. Rfe1 c5 12. N4b3 b6 13. a4 a5 14. Bg5
f6 15. Bh4 Be6 16. Bg3 Bxg3 17. hxg3 Ne7 18. Nc1 Rd8 19. Nf1 Nc6 20. Ne3 Nb4
21. Kf1 Rd2 22. Re2 Bc4 23. Nxc4 Rd1+ 24. Re1 Rxe1+ 25. Kxe1 Nxc2+ 26. Kd2 Nxa1
27. Kc3 Rd8 28. Ne3 Rd4 29. b3 Rxe4 30. Kb2 Nxb3 31. Kxb3 Rb4+ 32. Ka3 Rb1 33.
Nd3 Kb7 34. Ka2 Rg1 35. Kb3 Rh1 36. Nf4 g6 37. g4 Rb1+ 38. Ka3 c6 39. Ne6 Re1
40. Nf4 Ra1+ 41. Kb3 b5 42. Ne6 Kb6 43. axb5 cxb5 44. Nd5+ Kc6 45. Nxf6 a4+ 46.
Kb2 Re1 47. Nf4 g5 48. Nd3 Re2+ 49. Ka3 h6 50. g3 Re6 51. Nh5 Rd6 52. Ne5+ Kd5
53. f4 Ra6 54. Ng7 b4+ 55. Ka2 gxf4 56. gxf4 Ke4 57. Nf5 Kxf4 58. Nd3+ Kxg4 59.
Nxc5 Rc6 60. Nxh6+ Rxh6 61. Nxa4 Rh3 62. Nc5 Kf5 63. Kb2 Ra3 64. Nb3 Ke4 65.
Na1 Kd3 66. Nc2 Ra2+ 67. Kxa2 Kxc2 0-1

[Event "M19"]
[Site "Vinkovci"]
[Date "2017.07.25"]
[Round "3.3"]
[White "Erenda, Bruno"]
[Black "Starcevic, Ante Leon"]
[Result "0-1"]
[WhiteElo "1997"]
[BlackElo "2102"]
[PlyCount "58"]
[EventDate "2017.07.24"]

1. d4 Nf6 2. c4 g6 3. f3 d5 4. cxd5 Nxd5 5. e4 Nb6 6. Nc3 Bg7 7. Be3 O-O 8. Qd2
Nc6 9. O-O-O f5 10. e5 Nb4 11. Nh3 Be6 12. Kb1 Qd7 13. Nf4 Rfd8 14. h4 Bf7 15.
Be2 a5 16. Qc1 Na4 17. a3 Nxc3+ 18. Qxc3 Nd5 19. Nxd5 Qxd5 20. Rc1 b5 21. Rhd1
Qa2+ 22. Kc2 b4 23. Qd3 c5 24. Ra1 c4 25. Qd2 Qb3+ 26. Kc1 Bxe5 27. axb4 axb4
28. Rb1 Bf6 29. h5 Rac8 0-1

[Event "M19"]
[Site "Vinkovci"]
[Date "2017.07.25"]
[Round "3.4"]
[White "Saric, Luka"]
[Black "Toplak, Juraj"]
[Result "0-1"]
[WhiteElo "2110"]
[BlackElo "2032"]
[PlyCount "94"]
[EventDate "2017.07.24"]

1. Nf3 Nf6 2. c4 e6 3. g3 d5 4. Bg2 Bd6 5. O-O O-O 6. d4 b6 7. cxd5 exd5 8. Nc3
Bb7 9. Nb5 Be7 10. Bf4 Na6 11. Rc1 c6 12. Nc3 Nc7 13. Ne5 Ne6 14. Qa4 b5 15.
Qd1 Nxf4 16. gxf4 Nd7 17. Nd3 Qb6 18. e3 Rfd8 19. Qc2 a5 20. Nb1 b4 21. Rfd1
Rac8 22. Nd2 c5 23. dxc5 Nxc5 24. Ne5 Ne4 25. Qb1 Rxc1 26. Qxc1 Nxf2 27. Kxf2
Bh4+ 28. Kg1 Qxe3+ 29. Kh1 Rc8 30. Ndc4 Qc5 31. Qe3 dxc4 32. Qxc5 Bxg2+ 33.
Kxg2 Rxc5 34. Rc1 c3 35. bxc3 Rxc3 36. Rxc3 bxc3 37. Kf1 Bf6 38. Nd3 Bd4 39.
Ke2 f5 40. Ne1 Kf7 41. Kd3 Bf6 42. Kc4 Ke6 43. Kc5 h6 44. Kb5 Kd5 45. Kxa5 Kc4
46. Ka6 Be7 47. Nc2 Bd6 0-1

[Event "M19"]
[Site "Vinkovci"]
[Date "2017.07.25"]
[Round "3.5"]
[White "Markovic, Franjo-Josip"]
[Black "Pavcevic, Bruno"]
[Result "0-1"]
[WhiteElo "1986"]
[BlackElo "2050"]
[PlyCount "72"]
[EventDate "2017.07.24"]

1. d4 Nf6 2. c4 e6 3. Nf3 b6 4. a3 Bb7 5. Nc3 d5 6. cxd5 exd5 7. Bg5 Be7 8. e3
O-O 9. Bd3 c5 10. Rc1 Nbd7 11. O-O Re8 12. Bb1 h6 13. Bh4 c4 14. Ne5 Nxe5 15.
dxe5 Ne4 16. Bxe7 Qxe7 17. f4 Rad8 18. Qd4 Nc5 19. Qd1 f6 20. exf6 Qxf6 21. Qd4
Qe7 22. Rce1 Nb3 23. Qd1 Qf6 24. Qc2 d4 25. Qh7+ Kf7 26. exd4 Nd2 27. Re5 Rxe5
28. dxe5 Qc6 29. Be4 Nxe4 30. f5 Qc5+ 31. Kh1 Qxe5 32. Qg6+ Kg8 33. Ne2 Nf2+
34. Kg1 Nh3+ 35. gxh3 Qe3+ 36. Rf2 Rd1# 0-1

[Event "M19"]
[Site "Vinkovci"]
[Date "2017.07.25"]
[Round "3.6"]
[White "Paradzik, Berislav"]
[Black "Zadravec, Matija"]
[Result "1-0"]
[WhiteElo "2066"]
[BlackElo "2150"]
[PlyCount "37"]
[EventDate "2017.07.24"]

1. e4 c5 2. Nf3 g6 3. d4 cxd4 4. Qxd4 Nf6 5. Nc3 Nc6 6. Qa4 d6 7. e5 dxe5 8.
Nxe5 Bd7 9. Nxd7 Nxd7 10. Bb5 Qc7 11. O-O e6 12. Bf4 Qc8 13. Ne4 f6 14. Rad1 a6
15. Qc4 Ke7 16. Nd6 Qd8 17. Bxc6 bxc6 18. Rfe1 Ne5 19. Bxe5 1-0

[Event "M19"]
[Site "Vinkovci"]
[Date "2017.07.25"]
[Round "3.7"]
[White "Spiranec, Noemi"]
[Black "Udovicic, Dominik"]
[Result "1-0"]
[WhiteElo "2040"]
[BlackElo "1823"]
[PlyCount "104"]
[EventDate "2017.07.24"]

1. e4 e5 2. Nf3 Nc6 3. Bb5 a6 4. Ba4 Nf6 5. O-O Be7 6. Re1 b5 7. Bb3 d6 8. c3
O-O 9. h3 Na5 10. Bc2 c5 11. d4 Qc7 12. Nbd2 Nc6 13. d5 Nd8 14. a4 Bb7 15. Nf1
Ne8 16. Ng3 g6 17. Bh6 Ng7 18. h4 f6 19. h5 Nf7 20. Be3 Qd7 21. h6 Ne8 22. Nh2
Ng5 23. f4 f5 24. exf5 gxf5 25. Nxf5 Rxf5 26. Qg4 Bc8 27. Bxf5 Qxf5 28. Qxf5
Bxf5 29. fxg5 Bd7 30. axb5 Bxb5 31. b3 Bd3 32. c4 Rb8 33. Ra3 Kf7 34. Rc1 Nc7
35. Nf3 e4 36. Nh4 Bf8 37. Nf5 Kg6 38. g4 Be2 39. Nh4+ Kf7 40. Kf2 Bxg4 41. Kg3
Be2 42. Rc2 Bd1 43. Rf2+ Kg8 44. Rb2 Kf7 45. Kf4 Bf3 46. Ra1 Be7 47. Rg1 a5 48.
g6+ hxg6 49. Nxg6 Bf6 50. Rh2 Rxb3 51. h7 Rb2 52. h8=Q Bg5+ 1-0

[Event "M19"]
[Site "Vinkovci"]
[Date "2017.07.26"]
[Round "4.1"]
[White "Starcevic, Ante Leon"]
[Black "Plenca, Jadranko"]
[Result "0-1"]
[WhiteElo "2102"]
[BlackElo "2446"]
[PlyCount "66"]
[EventDate "2017.07.24"]

1. c4 e6 2. e4 d5 3. exd5 exd5 4. cxd5 Nf6 5. Nc3 Nxd5 6. d4 Bb4 7. Bd2 O-O 8.
Nf3 Nc6 9. Be2 h6 10. h3 Be6 11. O-O Nb6 12. a3 Be7 13. Be3 Na5 14. Ne5 Nac4
15. Nxc4 Nxc4 16. d5 Nxe3 17. fxe3 Bd7 18. e4 Bc5+ 19. Kh1 Qg5 20. Bg4 Bxg4 21.
Qxg4 Qxg4 22. hxg4 Rfe8 23. Rad1 Bd6 24. Rf3 a6 25. Kg1 Rad8 26. Kf2 Be5 27.
Rfd3 Rd6 28. R1d2 Rf6+ 29. Rf3 Rg6 30. Re2 Rxg4 31. Rd3 Kf8 32. Na4 Rf4+ 33.
Rf3 Bd4+ 0-1

[Event "M19"]
[Site "Vinkovci"]
[Date "2017.07.26"]
[Round "4.2"]
[White "Makovec, Bruno"]
[Black "Safar, Sandro"]
[Result "1/2-1/2"]
[WhiteElo "2193"]
[BlackElo "2185"]
[PlyCount "57"]
[EventDate "2017.07.24"]

1. d4 d5 2. Nf3 Nf6 3. c4 e6 4. Nc3 Be7 5. Bf4 O-O 6. e3 a6 7. c5 Nh5 8. Bd3
Nxf4 9. exf4 f5 10. O-O Nc6 11. Bc2 Bf6 12. Ba4 Ne7 13. Re1 Ng6 14. g3 b5 15.
Bc2 c6 16. Qd2 a5 17. a3 Bd7 18. Ne2 Qb8 19. b3 Qc7 20. Nc1 Rfe8 21. Nd3 Nf8
22. Kg2 Re7 23. Nfe5 Be8 24. Re3 h6 25. Rae1 g6 26. Kf1 Ra7 27. Ke2 g5 28. Kd1
a4 29. b4 1/2-1/2

[Event "M19"]
[Site "Vinkovci"]
[Date "2017.07.26"]
[Round "4.3"]
[White "Pavcevic, Bruno"]
[Black "Toplak, Juraj"]
[Result "1-0"]
[WhiteElo "2050"]
[BlackElo "2032"]
[PlyCount "67"]
[EventDate "2017.07.24"]

1. e4 e6 2. Qe2 Ne7 3. g3 b6 4. Bg2 Bb7 5. f4 d5 6. d3 Nd7 7. e5 h5 8. Nf3 Nf5
9. c3 c5 10. Be3 Be7 11. Nbd2 Qc7 12. Bf2 O-O-O 13. O-O Rdg8 14. h4 Nf8 15. b4
f6 16. bxc5 Bxc5 17. d4 Ba3 18. c4 Kd8 19. Qd3 Bb4 20. Rfc1 Qd7 21. cxd5 exd5
22. Bh3 Bc8 23. Rxc8+ Qxc8 24. Bxf5 Qc3 25. Qxc3 Bxc3 26. Rc1 g6 27. Rxc3 gxf5
28. exf6 Nh7 29. Ne5 Nxf6 30. Nf7+ Kd7 31. Nxh8 Rxh8 32. Nf3 Ne4 33. Ne5+ Ke6
34. Rc6+ 1-0

[Event "M19"]
[Site "Vinkovci"]
[Date "2017.07.26"]
[Round "4.4"]
[White "Spiranec, Noemi"]
[Black "Vojak, Daniel"]
[Result "0-1"]
[WhiteElo "2040"]
[BlackElo "2197"]
[PlyCount "116"]
[EventDate "2017.07.24"]

1. e4 c5 2. Nf3 d6 3. Bb5+ Nd7 4. d4 cxd4 5. Qxd4 a6 6. Be2 Ngf6 7. O-O e5 8.
Qd3 b5 9. a4 b4 10. Qb3 Be7 11. Ng5 O-O 12. Bc4 Qe8 13. f3 h6 14. Nh3 Rb8 15.
Be3 Nb6 16. Bxb6 Rxb6 17. a5 Rb8 18. Nf2 Kh8 19. Nc3 Nd7 20. Nd5 Nc5 21. Qe3
Bg5 22. Qe2 Qc6 23. b3 Be6 24. Rfd1 f5 25. Qe1 Qb7 26. Nb6 fxe4 27. Bxe6 Nxe6
28. Nxe4 Nd4 29. Ra2 Be7 30. Qe3 Qc6 31. Qd3 d5 32. Ng3 Bc5 33. Kh1 Bxb6 34.
axb6 Rxb6 35. Re1 Qd6 36. Qe3 Rc6 37. Qxe5 Qxe5 38. Rxe5 Nxc2 39. Kg1 Nd4 40.
Rxd5 Nxb3 41. Rb2 Rc3 42. Ne4 Re3 43. Re5 a5 44. Rb5 Ra8 45. Kf2 Rd3 46. Ke2
Nc1+ 47. Kf2 b3 48. Rb1 Rc8 49. Rxa5 Rd1 50. Ke3 Rc2 51. Ra8+ Kh7 52. Ra7 Re1+
53. Kf4 Ne2+ 54. Kf5 Nd4+ 55. Kg4 Rxb1 56. Nf6+ Kg6 57. Nh5 Rxg2+ 58. Kh4 Nxf3+
0-1

[Event "M19"]
[Site "Vinkovci"]
[Date "2017.07.26"]
[Round "4.6"]
[White "Bilic, Jakov"]
[Black "Paradzik, Berislav"]
[Result "0-1"]
[WhiteElo "1497"]
[BlackElo "2066"]
[PlyCount "60"]
[EventDate "2017.07.24"]

1. e4 c5 2. Nf3 Nc6 3. d4 cxd4 4. Nxd4 g6 5. Nc3 Bg7 6. Nb3 Nf6 7. Bd3 O-O 8.
O-O d6 9. h3 a6 10. Be3 b5 11. a3 Bb7 12. Qd2 Ne5 13. Bh6 Nc4 14. Bxc4 bxc4 15.
Bxg7 Kxg7 16. Nd4 Nxe4 17. Nxe4 Bxe4 18. Qc3 e5 19. Rab1 Kg8 20. Ne2 Rc8 21. f4
Qb6+ 22. Kh1 f6 23. fxe5 dxe5 24. Rbd1 Qc6 25. Rg1 Rcd8 26. Rxd8 Rxd8 27. b3
cxb3 28. Qxc6 Bxc6 29. cxb3 Rd2 30. Re1 Rd3 0-1

[Event "M19"]
[Site "Vinkovci"]
[Date "2017.07.26"]
[Round "4.7"]
[White "Zadravec, Matija"]
[Black "Saric, Luka"]
[Result "1/2-1/2"]
[WhiteElo "2150"]
[BlackElo "2110"]
[PlyCount "54"]
[EventDate "2017.07.24"]

1. e4 c5 2. Nf3 e6 3. c3 Nf6 4. e5 Nd5 5. d4 cxd4 6. cxd4 d6 7. Bc4 Be7 8. O-O
O-O 9. Bd2 dxe5 10. dxe5 b6 11. Qe2 Bb7 12. Nc3 Nxc3 13. Bxc3 Qc7 14. Rac1 Nd7
15. Bd3 Nc5 16. Bc4 Rac8 17. b4 Ne4 18. Bb2 Qb8 19. Bd3 Qa8 20. Rfe1 Ng5 21.
Nxg5 Bxg5 22. Rxc8 Rxc8 23. Qh5 h6 24. Qg4 Rd8 25. Bf1 Bd2 26. Rd1 Qc8 27. a3
Rd7 1/2-1/2

[Event "M19"]
[Site "Vinkovci"]
[Date "2017.07.27"]
[Round "5.1"]
[White "Plenca, Jadranko"]
[Black "Makovec, Bruno"]
[Result "0-1"]
[WhiteElo "2446"]
[BlackElo "2193"]
[PlyCount "83"]
[EventDate "2017.07.24"]

1. e4 c5 2. Nf3 e6 3. c3 Nf6 4. e5 Nd5 5. Bc4 b6 6. d4 Bb7 7. O-O cxd4 8. cxd4
Qc7 9. Bxd5 Bxd5 10. Nc3 Qb7 11. Be3 Be7 12. Nxd5 Qxd5 13. Qb3 Qxb3 14. axb3 d5
15. exd6 Bxd6 16. d5 exd5 17. Rfd1 Nc6 18. Bxb6 O-O 19. Be3 Rfd8 20. Ra6 Ne5
21. Ra5 Nxf3+ 22. gxf3 Be5 23. Raxd5 Rxd5 24. Rxd5 f6 25. b4 Rb8 26. b5 Rb7 27.
b3 Kf7 28. f4 Ke6 29. Rc5 Bc7 30. f5+ Kd6 31. b4 Ke7 32. Rc2 Bd6 33. Bc5 Bxc5
34. Rxc5 Kd6 35. Kg2 Rc7 36. Rxc7 Kxc7 37. Kf3 Kb6 38. Ke4 Kxb5 39. Kd5 Kxb4
40. Ke6 Kc5 41. Kf7 Kd6 42. h3 0-1